| 000 | 00525cac a22001691u 4500 | ||
|---|---|---|---|
| 008 | 081204t 2004uk |||||r|||| 001 0 eng d | ||
| 020 | _a1861529937 (pbk.) | ||
| 020 | _a9781861529930 | ||
| 082 |
_a657 _bRYA _222 |
||
| 100 |
_aRyan , Bob. _91462 |
||
| 245 |
_aFinance and accounting for business / _cBob Ryan. |
||
| 260 |
_aLondon : _bThomson Learning; _c2004. |
||
| 300 |
_a587 p. : _bcol. ill., col. ports. ; _c26 cm. |
||
| 500 | _aIncludes index. | ||
| 650 |
_aAccounting. _933518 |
||
| 942 |
_cBB _k657RYA _2ddc |
||
| 999 |
_c1071 _d1071 |
||